[Event "GER-chT Betriebe 18th"]
[Site "Altenberg Zinnwald"]
[Date "2018.11.08"]
[Round "2.3"]
[White "Meyer, Jens Uwe"]
[Black "Bussler, Juergen"]
[Result "1/2-1/2"]
[WhiteElo "1896"]
[BlackElo "1909"]
[PlyCount "32"]
[EventDate "2018.11.08"]
[EventType "team-swiss"]
[EventRounds "7"]
[EventCountry "GER"]
[SourceTitle "EXT 2020"]
[Source "ChessBase"]
[SourceDate "2019.10.17"]
[SourceVersion "1"]
[SourceVersionDate "2019.10.17"]
[SourceQuality "1"]
[WhiteTeam "Ludwigsfelde Stern"]
[BlackTeam "Altenberg Europark"]
[WhiteTeamCountry "GER"]
[BlackTeamCountry "GER"]

1. d4 Nf6 2. Bf4 e6 3. e3 d5 4. Nf3 Bd6 5. Bg3 c6 6. Nbd2 Qc7 7. Ne5 Nbd7 8. f4 Ne4 9. Nxe4 dxe4 10. c4 Qa5+ 11. Kf2 0-0 12. c5 Be7 13. Qc2 f5 14. Bc4 Nf6 15. Ke2 Nd5 16. a3 Bf6 1/2-1/2

[Event "MVP-ch Seniors op 17th"]
[Site "Binz"]
[Date "2017.11.29"]
[Round "1.62"]
[White "Bussler, Juergen"]
[Black "Bachmann, Friedrich"]
[Result "1-0"]
[WhiteElo "1941"]
[BlackElo "1622"]
[PlyCount "63"]
[EventDate "2017.11.29"]
[EventType "swiss"]
[EventRounds "9"]
[EventCountry "GER"]
[SourceTitle "EXT 2019"]
[Source "ChessBase"]
[SourceDate "2018.10.10"]
[SourceVersion "1"]
[SourceVersionDate "2018.10.10"]
[SourceQuality "1"]

1. e4 e5 2. Nf3 Nc6 3. Nc3 Nf6 4. Bc4 Be7 5. d4 d6 6. h3 exd4 7. Nxd4 Nxd4 8. Qxd4 0-0 9. 0-0 c5 10. Qd3 a6 11. a4 b6 12. Bf4 Bb7 13. Rad1 Qc7 14. Rfe1 Rad8 15. Bxa6 Bxa6 16. Qxa6 Qc6 17. Qb5 Qxb5 18. Nxb5 d5 19. Bc7 Rd7 20. e5 Ne8 21. Bxb6 d4 22. e6 Rb7 23. exf7+ Kxf7 24. Rxe7+ Rxe7 25. Bxc5 Rd7 26. Bxf8 Kxf8 27. Rxd4 Re7 28. Kf1 Re6 29. c4 Ke7 30. b4 Ra6 31. Re4+ Kd7 32. Rxe8 1-0

[Event "MVP-ch Seniors op 15th"]
[Site "Binz"]
[Date "2015.11.26"]
[Round "3.26"]
[White "Bussler, Juergen"]
[Black "Hondema, Evert C"]
[Result "0-1"]
[WhiteElo "1765"]
[BlackElo "1918"]
[PlyCount "96"]
[EventDate "2015.11.24"]
[EventType "swiss"]
[EventRounds "9"]
[EventCountry "GER"]
[SourceTitle "EXT 2017"]
[Source "ChessBase"]
[SourceDate "2016.10.25"]
[SourceVersion "1"]
[SourceVersionDate "2016.10.25"]
[SourceQuality "1"]

1. d4 Nf6 2. c4 e5 3. d5 Bb4+ 4. Bd2 Qe7 5. Nc3 0-0 6. e3 c6 7. Nge2 b5 8. dxc6 dxc6 9. Ng3 bxc4 10. Bxc4 Be6 11. Qb3 Nd5 12. 0-0 Nxc3 13. Bxc3 Bxc3 14. Qxc3 Nd7 15. Rfd1 Nb6 16. Bxe6 Qxe6 17. b3 Rfd8 18. Rac1 Rxd1+ 19. Rxd1 f5 20. Qc5 f4 21. Ne4 fxe3 22. Qxe3 Nd5 23. Qg3 h6 24. f3 a5 25. Re1 a4 26. Nc5 Qd6 27. Nxa4 Nf4 28. Kh1 Qd4 29. h3 Rf8 30. Rf1 Nd3 31. Kh2 Rf5 32. Qg4 Rf4 33. Qc8+ Kh7 34. Qxc6 e4 35. Qc3 Qd6 36. g3 Rxf3 37. Rxf3 exf3 38. Qc4 f2 39. Kg2 Qg6 40. Nc5 f1Q+ 41. Kxf1 Qf5+ 42. Ke2 Nxc5 43. g4 Qe5+ 44. Kf3 Qf6+ 45. Ke3 Qe7+ 46. Kf3 g6 47. b4 Nd7 48. Kf2 Ne5 0-1

[Event "MVP-ch Seniors op 15th"]
[Site "Binz"]
[Date "2015.11.25"]
[Round "2.29"]
[White "Kuehne, Klaus Dieter"]
[Black "Bussler, Juergen"]
[Result "1/2-1/2"]
[WhiteElo "1909"]
[BlackElo "1765"]
[PlyCount "71"]
[EventDate "2015.11.24"]
[EventType "swiss"]
[EventRounds "9"]
[EventCountry "GER"]
[SourceTitle "EXT 2017"]
[Source "ChessBase"]
[SourceDate "2016.10.25"]
[SourceVersion "1"]
[SourceVersionDate "2016.10.25"]
[SourceQuality "1"]

1. d4 d5 2. c4 c6 3. Nf3 Nf6 4. Nc3 e6 5. g3 Bd6 6. Bg2 Nbd7 7. 0-0 0-0 8. Qc2 Re8 9. Rd1 b6 10. b3 Bb7 11. Bb2 Rc8 12. Rac1 Qe7 13. e3 Bb8 14. cxd5 cxd5 15. Qd3 Bd6 16. Nb5 Ba6 17. a4 Ne4 18. Bf1 Nb8 19. Qb1 Bb4 20. Bd3 Nf6 21. Ne5 Rxc1 22. Rxc1 Rc8 23. Rxc8+ Bxc8 24. Qc2 Qb7 25. Nxa7 Bd7 26. Nb5 Nc6 27. Nxc6 Bxc6 28. Ba3 Bxb5 29. Bxb4 Bxd3 30. Qxd3 Ne4 31. f3 Nf6 32. Qc3 h6 33. Bd6 Qa6 34. Kf2 b5 35. a5 Qxd6 36. Qc8+ 1/2-1/2

[Event "MVP-ch Seniors op 13th"]
[Site "Binz"]
[Date "2013.12.04"]
[Round "8"]
[White "Bussler, Juergen"]
[Black "Wenske, Hardy"]
[Result "1/2-1/2"]
[WhiteElo "1770"]
[BlackElo "1603"]
[PlyCount "26"]
[EventDate "2013.11.27"]
[EventType "swiss"]
[EventRounds "9"]
[EventCountry "GER"]
[SourceTitle "EXT 2015"]
[Source "ChessBase"]
[SourceDate "2014.11.20"]
[SourceVersion "1"]
[SourceVersionDate "2014.11.20"]
[SourceQuality "1"]

1. d4 d5 2. c4 c6 3. Nc3 Nf6 4. e3 e6 5. Bd3 dxc4 6. Bxc4 Bb4 7. Bd2 0-0 8. Nf3 Nbd7 9. 0-0 Qc7 10. Qc2 Bd6 11. Ne4 Nxe4 12. Qxe4 Nf6 13. Ne5 Nxe4 1/2-1/2

[Event "MVP-ch Seniors op 13th"]
[Site "Binz"]
[Date "2013.12.03"]
[Round "7"]
[White "Garms, Ilse"]
[Black "Bussler, Juergen"]
[Result "1/2-1/2"]
[WhiteElo "1617"]
[BlackElo "1770"]
[PlyCount "80"]
[EventDate "2013.11.27"]
[EventType "swiss"]
[EventRounds "9"]
[EventCountry "GER"]
[SourceTitle "EXT 2015"]
[Source "ChessBase"]
[SourceDate "2014.11.20"]
[SourceVersion "1"]
[SourceVersionDate "2014.11.20"]
[SourceQuality "1"]

1. d4 d5 2. e3 Nf6 3. Bd3 Nbd7 4. Nf3 c6 5. Nbd2 Qc7 6. 0-0 e5 7. dxe5 Nxe5 8. Nxe5 Qxe5 9. Nf3 Qc7 10. h3 Bd6 11. Re1 0-0 12. c3 Re8 13. Qc2 Qe7 14. Bd2 Ne4 15. Rad1 Qf6 16. Bxe4 dxe4 17. Nd4 Qe5 18. f4 exf3 19. Nxf3 Qg3 20. Re2 Bc5 21. Be1 Qc7 22. Bf2 Be6 23. b4 Be7 24. a3 a5 25. Red2 axb4 26. axb4 Ra3 27. Nd4 Bc4 28. Nf5 Be6 29. Nxe7+ Qxe7 30. Qd3 Raa8 31. e4 Bb3 32. Re1 Rad8 33. Qe3 Rxd2 34. Qxd2 Rd8 35. Qe3 Rd1 36. Rxd1 Bxd1 37. Qd4 Bc2 38. e5 Bf5 39. Qd6 Qxd6 40. exd6 b5 1/2-1/2

[Event "MVP-ch Seniors op 13th"]
[Site "Binz"]
[Date "2013.11.29"]
[Round "3"]
[White "Paus, Franz"]
[Black "Bussler, Juergen"]
[Result "1-0"]
[WhiteElo "1942"]
[BlackElo "1770"]
[PlyCount "51"]
[EventDate "2013.11.27"]
[EventType "swiss"]
[EventRounds "9"]
[EventCountry "GER"]
[SourceTitle "EXT 2015"]
[Source "ChessBase"]
[SourceDate "2014.11.20"]
[SourceVersion "1"]
[SourceVersionDate "2014.11.20"]
[SourceQuality "1"]

1. d4 d5 2. c4 c6 3. Nf3 Nf6 4. cxd5 cxd5 5. Nc3 Nc6 6. Bf4 a6 7. e3 e6 8. Bd3 Bd6 9. Bg5 h6 10. Bh4 Bd7 11. Rc1 Rc8 12. 0-0 Be7 13. a3 Nh5 14. Bxe7 Qxe7 15. Ne5 Nxe5 16. dxe5 g6 17. b4 0-0 18. f4 Ng7 19. e4 dxe4 20. Nxe4 Rxc1 21. Qxc1 Bc6 22. Nf6+ Kh8 23. Qe3 Ne8 24. f5 g5 25. Qh3 Kg7 26. Nxe8+ 1-0

[Event "MVP-ch Seniors op 12th"]
[Site "Binz"]
[Date "2012.12.06"]
[Round "9"]
[White "Kluger, Hans Peter"]
[Black "Bussler, Juergen"]
[Result "0-1"]
[WhiteElo "1768"]
[BlackElo "1851"]
[PlyCount "140"]
[EventDate "2012.11.28"]
[EventType "swiss"]
[EventRounds "9"]
[EventCountry "GER"]
[SourceTitle "EXT 2014"]
[Source "ChessBase"]
[SourceDate "2013.11.20"]
[SourceVersion "1"]
[SourceVersionDate "2013.11.20"]
[SourceQuality "1"]

1. e4 d5 2. exd5 Qxd5 3. Nc3 Qd8 4. d4 Nf6 5. Nf3 Bg4 6. Be2 e6 7. Bg5 Be7 8. h3 Bh5 9. 0-0 c6 10. Qd3 Bg6 11. Qd2 Nbd7 12. Bf4 0-0 13. Rad1 Bb4 14. Bd3 Nd5 15. Bxg6 hxg6 16. Bg3 Qa5 17. Rb1 b6 18. Qd3 Bxc3 19. bxc3 Qxc3 20. Qe4 N7f6 21. Qe2 Qa5 22. Rb2 Rfd8 23. c4 Ne7 24. Rd1 Qf5 25. Rb3 Rac8 26. Nh4 Qh5 27. Nf3 Qa5 28. Rbd3 Nf5 29. Be5 Qa6 30. g4 Ne7 31. R3d2 Qb7 32. Rb1 Rd7 33. c5 Ned5 34. Bd6 Nc3 35. Qd3 Nxb1 36. Qxb1 b5 37. Ne5 Rdd8 38. a4 a6 39. Nc4 Nd5 40. a5 Qd7 41. Nb6 Nxb6 42. axb6 a5 43. Ra2 a4 44. Qe1 Ra8 45. g5 Qb7 46. Be5 Rd5 47. h4 Rd7 48. Qc3 Rd5 49. Bc7 Qa6 50. Kg2 Rc8 51. Bf4 Rcd8 52. Bc7 R8d7 53. Rd2 Rxc7 54. bxc7 Qc8 55. Qg3 Rd7 56. h5 Qxc7 57. Qh4 gxh5 58. g6 fxg6 59. Qe4 Re7 60. Rd3 Qd7 61. Rg3 Qd5 62. Kf3 a3 63. Rxg6 a2 64. Rg1 b4 65. Ke3 Qxe4+ 66. Kxe4 b3 67. Ke5 b2 68. Kd6 Rf7 69. Re1 b1Q 70. Re5 Qb8+ 0-1

[Event "MVP-ch Seniors op 12th"]
[Site "Binz"]
[Date "2012.12.01"]
[Round "4"]
[White "Bussler, Juergen"]
[Black "Josting, Friedel"]
[Result "1/2-1/2"]
[WhiteElo "1851"]
[BlackElo "1784"]
[PlyCount "45"]
[EventDate "2012.11.28"]
[EventType "swiss"]
[EventRounds "9"]
[EventCountry "GER"]
[SourceTitle "EXT 2014"]
[Source "ChessBase"]
[SourceDate "2013.11.20"]
[SourceVersion "1"]
[SourceVersionDate "2013.11.20"]
[SourceQuality "1"]

1. d4 Nf6 2. c4 e6 3. Nc3 c5 4. Nf3 cxd4 5. Nxd4 a6 6. e4 Qc7 7. Bg5 Be7 8. Be2 Nc6 9. 0-0 0-0 10. Rc1 b6 11. Qd2 Bb7 12. f3 Nxd4 13. e5 Qxe5 14. Bd3 Qc7 15. Kh1 d6 16. Qf4 Nf5 17. g4 Nh6 18. Bxh6 e5 19. Qg5 Ne8 20. Qh5 Nf6 21. Qg5 Ne8 22. Qh5 Nf6 23. Qg5 1/2-1/2

[Event "MVP-ch Seniors op 12th"]
[Site "Binz"]
[Date "2012.11.29"]
[Round "2"]
[White "Bussler, Juergen"]
[Black "Geibel, Henning"]
[Result "1-0"]
[WhiteElo "1851"]
[BlackElo "1301"]
[PlyCount "67"]
[EventDate "2012.11.28"]
[EventType "swiss"]
[EventRounds "9"]
[EventCountry "GER"]
[SourceTitle "EXT 2014"]
[Source "ChessBase"]
[SourceDate "2013.11.20"]
[SourceVersion "1"]
[SourceVersionDate "2013.11.20"]
[SourceQuality "1"]

1. d4 d5 2. c4 e6 3. Nc3 Nf6 4. e3 c5 5. dxc5 Bxc5 6. Nf3 0-0 7. Be2 dxc4 8. Qa4 Bd7 9. Qxc4 a6 10. Qxc5 b6 11. Qd6 Bc6 12. Qxd8 Rxd8 13. 0-0 b5 14. a3 Nbd7 15. b4 Nb6 16. Bb2 Nc4 17. Bxc4 bxc4 18. Rfd1 Bxf3 19. gxf3 Re8 20. Rac1 h5 21. Ne4 Nxe4 22. fxe4 Rac8 23. Rd4 f5 24. Rcxc4 e5 25. Rxc8 Rxc8 26. Rd7 f4 27. exf4 exf4 28. Rxg7+ Kf8 29. Rg5 Rc2 30. Bd4 f3 31. Rf5+ Ke7 32. Rxf3 Rc1+ 33. Kg2 Rd1 34. Be3 1-0

[Event "GER-ch Seniors 21st"]
[Site "Dresden"]
[Date "2009.08.08"]
[Round "7"]
[White "Bussler, Juergen"]
[Black "Schirmer, Werner"]
[Result "0-1"]
[WhiteElo "2045"]
[BlackElo "2088"]
[PlyCount "64"]
[EventDate "2009.08.03"]
[EventType "swiss"]
[EventRounds "9"]
[EventCountry "GER"]
[SourceTitle "CBM 131 Extra"]
[Source "ChessBase"]
[SourceDate "2009.09.03"]
[SourceVersion "2"]
[SourceVersionDate "2009.09.16"]
[SourceQuality "1"]

1. e4 c5 2. Nf3 Nc6 3. d4 cxd4 4. Nxd4 g6 5. c3 Bg7 6. Be3 Nf6 7. Nd2 0-0 8. Be2 d5 9. Nxc6 bxc6 10. e5 Nd7 11. f4 e6 12. Nb3 Qe7 13. 0-0 c5 14. Bb5 c4 15. Bxd7 Qxd7 16. Nd2 Qb5 17. Qc2 Bd7 18. Nf3 Rfb8 19. Rf2 Qa4 20. Qxa4 Bxa4 21. Nd4 Rb7 22. Rb1 Rab8 23. b3 a5 24. Rfb2 Bf8 25. Bd2 Bc5 26. b4 axb4 27. Kf1 Bxd4 28. cxd4 c3 29. Bxc3 Bb5+ 30. Ke1 bxc3 31. Rb3 c2 32. Rc1 Ba4 0-1